| 000 | 00813nam a22002537a 4500 | ||
|---|---|---|---|
| 999 |
_c13013 _d13013 |
||
| 003 | AR-CdUCM | ||
| 008 | 190410b ||||| |||| 00| 0 spa d | ||
| 040 |
_aMUNICIPALIDAD PROVINCIAL DEL CUSCO _cBIBLIOTECA MUNICIPAL DEL CUSCO |
||
| 082 |
_a869.56 / _bB67 |
||
| 100 |
_aBocángel Benavente, César Augusto _918013 |
||
| 245 | _aMetamorfosis / | ||
| 260 |
_aCusco : _bImpr. Gótica, _c1998. |
||
| 300 |
_a16 paginas ; _c20 cm. |
||
| 505 | _aContenido : Poemas y Relatos | ||
| 650 |
_aPoemas cusqueños _917957 |
||
| 650 |
_aLiteratura cusqueña _9164 |
||
| 650 |
_aAutores cusqueños _95505 |
||
| 710 |
_aICPNA- Cusco _931175 |
||
| 710 |
_aUNSAAC _96777 |
||
| 710 |
_aMunicipalidad Distrital de Pitumarca _931176 |
||
| 710 |
_aHotel Don Carlos _931177 |
||
| 942 |
_2ddc _cFOLLETOS |
||
| 945 |
_awnts _d2019-04-10 |
||